LEADER 01592oam 2200409 450 001 9910704554003321 005 20131125113435.0 035 $a(CKB)5470000002442165 035 $a(OCoLC)840899971 035 $a(EXLCZ)995470000002442165 100 $a20130426d2013 ua 0 101 0 $aeng 135 $aurbn||||m|||| 181 $ctxt$2rdacontent 182 $cc$2rdamedia 183 $acr$2rdacarrier 200 10$aCurrent and future worldwide threats to the national security of the United States $ehearing before the Committee on Armed Services, United States Senate, One Hundred Twelfth Congress, second session, February 16, 2012 210 1$aWashington :$cU.S. Government Printing Office,$d2013. 215 $a1 online resource (iii, 91 pages) 225 1 $aS. hrg. ;$v112-741 300 $aTitle from title screen (viewed Apr. 26, 2013). 300 $aPaper version available for sale by the Superintendent of Documents, U.S. Government Printing Office. 517 $aCurrent and future worldwide threats to the national security of the United States 606 $aIntelligence service$zUnited States 606 $aNational security$zUnited States 606 $aTerrorism$zUnited States$xPrevention 615 0$aIntelligence service 615 0$aNational security 615 0$aTerrorism$xPrevention. 801 0$bGPO 801 1$bGPO 801 2$bOCLCQ 801 2$bGPO 906 $aBOOK 912 $a9910704554003321 996 $aCurrent and future worldwide threats to the national security of the United States$93441989 997 $aUNINA LEADER 01265nam--2200373---450- 001 990003017480203316 005 20071120112440.0 035 $a000301748 035 $aUSA01000301748 035 $a(ALEPH)000301748USA01 035 $a000301748 100 $a20071120d1982----km-y0itay50------ba 101 $aita 102 $aIT 105 $a||||||||001yy 200 1 $a<> attentato agli impianti e il delitto di riciclaggio$eartt. 1 e 3 D.L. 21 marzo 1978 n. 59, convertito con modificazioni nella L. 18 maggio 1978 n. 191$fAndrea Antonio Dalia$gintroduzione e appendice a cura di G. Conso 210 $aMilano$cGiuffrè$d1982 215 $a131 p.$d24 cm 225 2 $aLa legislazione dell'emergenza$v1 410 0$12001$aLa legislazione dell'emergenza 454 1$12001 461 1$1001-------$12001 606 0 $aAttentato a impianti di pubblica utilità 676 $a364.14 700 1$aDALIA,$bAndrea Antonio$0226815 702 1$aCONSO,$bG. 801 0$aIT$bsalbc$gISBD 912 $a990003017480203316 951 $a364.14 DAL$b1178 DITESI (sez. 2 n. 360) 959 $aBK 969 $aDITESI 979 $aDITESI$b10$c20071120$lUSA01$h1124 996 $aAttentato agli impianti e il delitto di riciclaggio$91024969 997 $aUNISA